| 000 | 00439nam a22001697a 4500 | ||
|---|---|---|---|
| 003 | OSt | ||
| 005 | 20211110141108.0 | ||
| 008 | 211110b |||||||| |||| 00| 0 eng d | ||
| 020 | _a9780824794354 | ||
| 040 | _cHAWASSA UNIVERSITY | ||
| 050 |
_a636.0896079/CYT _b2 |
||
| 082 |
_a636.0896079/CYT _b2 |
||
| 245 | _aCYTOKINES IN ANIMAL HEALTH AND DISEASE | ||
| 260 |
_aNEW YORK _bDEKKER INC _c1995 |
||
| 300 | _aix/465 | ||
| 942 |
_2ddc _cBOOKS _n0 |
||
| 999 |
_c17526 _d17526 |
||